UM Logo

Questioned documents examination : (Record no. 17432)

MARC details
000 -LEADER
fixed length control field 00677nam a22001697a 4500
008 - FIXED-LENGTH DATA ELEMENTS--GENERAL INFORMATION
fixed length control field 221018b ||||| |||| 00| 0 eng d
020 ## - INTERNATIONAL STANDARD BOOK NUMBER
International Standard Book Number 9786214181322
082 ## - DEWEY DECIMAL CLASSIFICATION NUMBER
Edition number 2022
Classification number DFil 363.2565
Item number C140
100 ## - MAIN ENTRY--PERSONAL NAME
Personal name Camara, Richard T.
9 (RLIN) 46403
245 ## - TITLE STATEMENT
Title Questioned documents examination :
Remainder of title an instructional materials for criminology students with laboratory manual /
Statement of responsibility, etc. Richard T. Camara.
250 ## - EDITION STATEMENT
Edition statement Second edition.
260 ## - PUBLICATION, DISTRIBUTION, ETC. (IMPRINT)
Place of publication, distribution, etc. Quezon City :
Name of publisher, distributor, etc. Wiseman's Books Trading., Inc.,
Date of publication, distribution, etc. ©2022.
300 ## - PHYSICAL DESCRIPTION
Extent xiii, 310 pages :
Other physical details illustrations ;
Dimensions 27 cm.
650 ## - SUBJECT ADDED ENTRY--TOPICAL TERM
Topical term or geographic name as entry element Writing
General subdivision Identification.
9 (RLIN) 46404
650 ## - SUBJECT ADDED ENTRY--TOPICAL TERM
Topical term or geographic name as entry element Criminology
General subdivision Laboratory manuals, etc.
9 (RLIN) 46405
942 ## - ADDED ENTRY ELEMENTS (KOHA)
Source of classification or shelving scheme Dewey Decimal Classification
Koha item type Filipiniana
Holdings
Withdrawn status Lost status Source of classification or shelving scheme Damaged status Not for loan Collection code Home library Current library Shelving location Date acquired Source of acquisition Cost, normal purchase price Total Checkouts Full call number Barcode Date last seen Date last checked out Copy number Price effective from Koha item type
    Dewey Decimal Classification     Filipiniana UM Digos College - LIC UM Digos College - LIC Book Cart 08/16/2022 Purchased 598.00 1 DFil 363.2565 C140 2022 26874 05/15/2025 02/17/2024 1 10/18/2022 Filipiniana
    Dewey Decimal Classification     Filipiniana UM Digos College - LIC UM Digos College - LIC Book Cart 08/16/2022 Purchased 598.00 1 DFil 363.2565 C140 2022 26875 05/15/2025 02/17/2024 2 10/18/2022 Filipiniana
    Dewey Decimal Classification     Filipiniana UM Digos College - LIC UM Digos College - LIC Book Cart 08/16/2022 Purchased 598.00   DFil 363.2565 C140 2022 26876 12/11/2023   3 10/18/2022 Filipiniana